000 01088nam0a22002771 4500
001 RU\INFOCOMM_327\NLR\5000029710
005 20250613110521.0
035 _a(NLR Aleph) 009566016
090 _a9099134
_c9099134
100 _a20130213d1980 |||y0rusy50 ca
101 0 _aeng
102 _aRU
105 _ay z |||||
200 1 _aEpizootology of leptospirosis
_fDr. Yu. Malakhov
_gUnited Nations environment progr. USSR commiss. for UNEP, Intern. project on zoonoses managemetn. 1980 Training course, Moscow, Kiev, Baku, Samarkand, 15 Sept. - 20 Nov.
210 _a[Москва]
_cВИНИТИ
_d1980
215 _a22 с.
_d29 см
300 _aВ вып. дан.: Организация эпизоотологического надзора при лептоспирозе
320 _aБиблиогр.: с. 21-22
686 _aР194.68-3
_2rubbk
700 1 _9z01790
_aMalachov
_bJ. A.
_gJurij Alekseevič
790 1 _9z01700
_aMalakhov
_bYu.
_4070
801 1 _aRU
_bInfocomm
_c20130213
801 0 _aRU
_bINFOCOMM
_gPSBO
852 _aNLR
_jМд97 Д-8/46
942 _cBOOK
980 _aNB